000 00965nam a2200277Ia 4500
005 20220317001205.0
008 160825s2002 ck a g 000 0 spa
020 _a9589308953
082 0 4 _a720.986148
_bE71b
100 1 _aEscovar, Alberto
245 1 0 _aBogotá
_bcentro histórico
_cinvestigación y texto Alberto Escobar W
250 _a1a. edición
300 _a114 páginas
_bilustraciones, planos, mapas
_c29 cm
490 _aGuías elarqa de arquitectura
500 _aIncluye glosario
504 _aIncluye bibliografía
650 1 4 _2LEMB
_aArquitectura
_vDiseños y planos
_zBogota (Colombia)
650 1 4 _2LEMB
_aArquitectura
_vGuías
_zBogota (Colombia)
650 1 4 _2LEMB
_aArquitectura
_xHistoria
_zBogota (Colombia)
942 _2ddc
_cBK
264 _aBogotá
_bGamma
_c2002
336 _atexto
_btxt
_2rdacontent
337 _asin mediación
_bn
_2rdamedia
338 _avolumen
_bnc
_2rdacarrier
040 _aCO-BoRNBP
_bspa
_erda
_cCO-BoRNBP
999 _c6189
_d6189